[Event "DEN-ch"]
[Site "Denmark"]
[Date "1986.??.??"]
[Round "9"]
[White "Berg, Klaus"]
[Black "Kristiansen, Jens"]
[Result "0-1"]
[WhiteElo "2375"]
[BlackElo "2395"]
[PlyCount "38"]
[EventDate "1986.??.??"]
[EventType "tourn"]
[EventRounds "11"]
[EventCountry "DEN"]
[EventCategory "5"]
[Source "ChessBase"]
[SourceDate "1996.11.15"]

1. e4 g6 2. d4 Bg7 3. f4 d6 4. Nf3 c5 5. d5 Nf6 6. Bb5+ Nbd7 7. Nc3 O-O 8. O-O
a6 9. Bxd7 Bxd7 10. Qe1 e6 11. dxe6 Bxe6 12. Qh4 d5 13. f5 dxe4 14. fxe6 exf3
15. exf7+ Rxf7 16. Rxf3 Qd4+ 17. Qxd4 cxd4 18. Ne2 Re8 19. Nxd4 Ng4 0-1

[Event "DEN-ch"]
[Site "Denmark"]
[Date "1986.??.??"]
[Round "10"]
[White "Berg, Klaus"]
[Black "Nielsen, NJ."]
[Result "1/2-1/2"]
[WhiteElo "2375"]
[BlackElo "2245"]
[PlyCount "81"]
[EventDate "1986.??.??"]
[EventType "tourn"]
[EventRounds "11"]
[EventCountry "DEN"]
[EventCategory "5"]
[Source "ChessBase"]
[SourceDate "1996.11.15"]

1. d4 Nf6 2. Nf3 e6 3. e3 b6 4. Bd3 Bb7 5. O-O Be7 6. c4 c5 7. Nc3 O-O 8. d5
exd5 9. cxd5 d6 10. e4 Ba6 11. a4 Bxd3 12. Qxd3 a6 13. Nd2 Nbd7 14. f4 Re8 15.
b3 Bf8 16. Bb2 g6 17. Rae1 Bg7 18. Nc4 Qb8 19. Qc2 b5 20. axb5 axb5 21. Nxb5
Qxb5 22. Nxd6 Qb4 23. Bc3 Qb6 24. Nxe8 Rxe8 25. Kh1 Rb8 26. Rb1 Re8 27. Rfe1
Qb8 28. g3 Qb5 29. Rbd1 Qb7 30. Bxf6 Nxf6 31. Qc4 Nd7 32. e5 Rb8 33. Rd3 Qa8
34. Qa4 Qb7 35. Kg1 Ra8 36. Qc4 Ra2 37. b4 Qa7 38. Ree3 cxb4 39. e6 Rb2 40. Qc1
Qa2 41. Qxb2 1/2-1/2

[Event "DEN-ch"]
[Site "Denmark"]
[Date "1986.??.??"]
[Round "7"]
[White "Berg, Klaus"]
[Black "Fries Nielsen, Jens Ove"]
[Result "1/2-1/2"]
[WhiteElo "2375"]
[BlackElo "2385"]
[PlyCount "26"]
[EventDate "1986.??.??"]
[EventType "tourn"]
[EventRounds "11"]
[EventCountry "DEN"]
[EventCategory "5"]
[Source "ChessBase"]
[SourceDate "1996.11.15"]

1. e4 e5 2. Nf3 Nf6 3. Nxe5 d6 4. Nf3 Nxe4 5. Qe2 Qe7 6. d3 Nf6 7. Bg5 Qxe2+ 8.
Bxe2 Be7 9. Nc3 c6 10. O-O-O Na6 11. Rhe1 Nc7 12. Ne4 Nxe4 13. dxe4 Bxg5+
1/2-1/2

[Event "DEN-ch"]
[Site "Denmark"]
[Date "1986.??.??"]
[Round "5"]
[White "Berg, Klaus"]
[Black "Hoi, Carsten"]
[Result "1/2-1/2"]
[WhiteElo "2375"]
[BlackElo "2405"]
[PlyCount "61"]
[EventDate "1986.??.??"]
[EventType "tourn"]
[EventRounds "11"]
[EventCountry "DEN"]
[EventCategory "5"]
[Source "ChessBase"]
[SourceDate "1996.11.15"]

1. d4 c5 2. e3 Nf6 3. c4 g6 4. Nc3 Bg7 5. Nf3 O-O 6. Be2 d6 7. O-O Bf5 8. b3
Nc6 9. Bb2 Qc8 10. d5 Nb4 11. a3 Ne4 12. Qc1 Nxc3 13. Bxc3 Bxc3 14. Qxc3 Na6
15. Nd2 Nc7 16. e4 Bg4 17. f3 Bd7 18. f4 e6 19. dxe6 fxe6 20. e5 d5 21. cxd5
Nxd5 22. Qg3 Qe8 23. Ne4 Qe7 24. Bc4 Kh8 25. Bxd5 exd5 26. Nf6 Be6 27. Qg5 c4
28. Rf3 Rac8 29. g4 cxb3 30. Rxb3 Rc2 31. Rh3 1/2-1/2

[Event "DEN-ch"]
[Site "Denmark"]
[Date "1986.??.??"]
[Round "3"]
[White "Berg, Klaus"]
[Black "Hansen, Curt"]
[Result "1/2-1/2"]
[WhiteElo "2375"]
[BlackElo "2510"]
[PlyCount "56"]
[EventDate "1986.??.??"]
[EventType "tourn"]
[EventRounds "11"]
[EventCountry "DEN"]
[EventCategory "5"]
[Source "ChessBase"]
[SourceDate "1996.11.15"]

1. Nf3 Nf6 2. c4 g6 3. Nc3 Bg7 4. d4 O-O 5. e3 d6 6. Be2 c5 7. O-O Nc6 8. b3
cxd4 9. Nxd4 Nxd4 10. exd4 d5 11. c5 b6 12. b4 bxc5 13. bxc5 Ne4 14. Nxe4 dxe4
15. Bb2 Bd7 16. Qc2 Bc6 17. Rfd1 e6 18. Bc4 Qd7 19. Rab1 Rab8 20. Bc3 Rxb1 21.
Qxb1 h6 22. Rd2 Kh7 23. h3 Qc7 24. Qe1 Rd8 25. Qe2 Qd7 26. a4 Bxa4 27. Qxe4 Rb8
28. Ba5 Bc6 1/2-1/2

[Event "DEN-ch"]
[Site "Denmark"]
[Date "1986.??.??"]
[Round "1"]
[White "Berg, Klaus"]
[Black "Schmidt, Kristen"]
[Result "0-1"]
[WhiteElo "2375"]
[BlackElo "2245"]
[PlyCount "110"]
[EventDate "1986.??.??"]
[EventType "tourn"]
[EventRounds "11"]
[EventCountry "DEN"]
[EventCategory "5"]
[Source "ChessBase"]
[SourceDate "1996.11.15"]

1. Nf3 c5 2. e4 Nc6 3. Bb5 Na5 4. d4 a6 5. Bd3 cxd4 6. Nxd4 e6 7. O-O Nf6 8. e5
Nd5 9. Nd2 Qc7 10. N2f3 d6 11. c4 Nb4 12. Qa4+ Bd7 13. Nxe6 Qb6 14. Nc7+ Qxc7
15. Qxb4 dxe5 16. Qc3 Nc6 17. c5 Be7 18. Re1 f6 19. Be3 O-O 20. Rad1 Kh8 21.
Be4 Bg4 22. h3 Be6 23. Bd5 Bxd5 24. Rxd5 Rad8 25. Rxd8 Rxd8 26. b4 f5 27. Ng5
Bxg5 28. Bxg5 Rd4 29. a3 f4 30. f3 Qd7 31. Bh4 Rd3 32. Qc1 Qd5 33. Kh2 Qb3 34.
Re4 Rd1 35. Qc4 Qb1 36. Re1 Rxe1 37. Bxe1 Qxe1 38. Qf7 Qg3+ 39. Kh1 Qe1+ 40.
Kh2 Qg3+ 41. Kh1 h6 42. Qxb7 Qg6 43. Qxa6 e4 44. b5 exf3 45. gxf3 Qb1+ 46. Kg2
Qc2+ 47. Kf1 Qd3+ 48. Kg1 Qe3+ 49. Kg2 Qe2+ 50. Kg1 Qe1+ 51. Kg2 Qg3+ 52. Kf1
Qxf3+ 53. Ke1 Qe3+ 54. Kd1 Qd3+ 55. Kc1 Nd4 0-1

[Event "DEN-ch"]
[Site "Denmark"]
[Date "1986.??.??"]
[Round "1"]
[White "Fries Nielsen, Jens Ove"]
[Black "Hansen, Curt"]
[Result "1/2-1/2"]
[WhiteElo "2385"]
[BlackElo "2510"]
[PlyCount "91"]
[EventDate "1986.??.??"]
[EventType "tourn"]
[EventRounds "11"]
[EventCountry "DEN"]
[EventCategory "5"]
[Source "ChessBase"]
[SourceDate "1996.11.15"]

1. d4 Nf6 2. c4 e6 3. Nc3 Bb4 4. g3 O-O 5. Bg2 d5 6. cxd5 exd5 7. Nf3 c6 8. O-O
Re8 9. Qc2 Nbd7 10. Ne1 Nf8 11. Nd3 Bf5 12. Qd1 Bd6 13. Bf4 Bxd3 14. Qxd3 Bxf4
15. gxf4 Ng6 16. e3 Nh4 17. Ne2 Nxg2 18. Kxg2 Ne4 19. Ng3 Qh4 20. Nxe4 dxe4 21.
Qe2 Re6 22. Kh1 Rh6 23. f3 Re8 24. fxe4 Rxe4 25. Rf3 Qd8 26. Qc4 Qh4 27. Qe2
Qh5 28. b3 Qd5 29. Qf2 Rhe6 30. Kg1 Rg6+ 31. Kh1 h6 32. Rc1 b6 33. h3 c5 34.
dxc5 bxc5 35. Kh2 c4 36. bxc4 Rxc4 37. Rxc4 Qxc4 38. Rg3 Ra6 39. Rg2 Qe4 40.
Qb2 g6 41. Rd2 Qe7 42. Rc2 Rd6 43. Rc8+ Rd8 44. Qb8 Rxc8 45. Qxc8+ Kh7 46. Qc4
1/2-1/2

[Event "DEN-ch"]
[Site "Denmark"]
[Date "1986.??.??"]
[Round "6"]
[White "Fries Nielsen, Jens Ove"]
[Black "Sloth, Jorn"]
[Result "1/2-1/2"]
[WhiteElo "2385"]
[BlackElo "2385"]
[PlyCount "26"]
[EventDate "1986.??.??"]
[EventType "tourn"]
[EventRounds "11"]
[EventCountry "DEN"]
[EventCategory "5"]
[Source "ChessBase"]
[SourceDate "1996.11.15"]

1. d4 Nf6 2. Nf3 e6 3. e3 b6 4. Bd3 Bb7 5. Nbd2 Be7 6. O-O c5 7. dxc5 bxc5 8.
e4 c4 9. Nxc4 Nxe4 10. Bxe4 Bxe4 11. Ng5 Bg6 12. Nd6+ Bxd6 13. Qxd6 Qe7 1/2-1/2

[Event "DEN-ch"]
[Site "Denmark"]
[Date "1986.??.??"]
[Round "5"]
[White "Fries Nielsen, Jens Ove"]
[Black "Kristiansen, Jens"]
[Result "0-1"]
[WhiteElo "2385"]
[BlackElo "2395"]
[PlyCount "64"]
[EventDate "1986.??.??"]
[EventType "tourn"]
[EventRounds "11"]
[EventCountry "DEN"]
[EventCategory "5"]
[Source "ChessBase"]
[SourceDate "1996.11.15"]

1. e4 g6 2. d4 Bg7 3. Nf3 d6 4. c3 Nf6 5. Bd3 O-O 6. O-O c5 7. dxc5 dxc5 8. h3
Nc6 9. Qe2 Qc7 10. e5 Nd5 11. Re1 Be6 12. a3 Rad8 13. c4 Nb6 14. Nbd2 Nd7 15.
Be4 Ndxe5 16. Rb1 Nd4 17. Nxd4 cxd4 18. b3 b6 19. Bb2 Qd7 20. f4 Nc6 21. Bd3
Bf5 22. Nf3 Rfe8 23. g4 Bxd3 24. Qxd3 Qd6 25. Bc1 e5 26. fxe5 Bxe5 27. Re4 Bf6
28. Kg2 Ne5 29. Nxe5 Bxe5 30. Bb2 Re6 31. Rf1 Qc6 32. Rf3 Bg7 0-1

[Event "DEN-ch"]
[Site "Denmark"]
[Date "1986.??.??"]
[Round "3"]
[White "Fries Nielsen, Jens Ove"]
[Black "Hoi, Carsten"]
[Result "0-1"]
[WhiteElo "2385"]
[BlackElo "2405"]
[PlyCount "81"]
[EventDate "1986.??.??"]
[EventType "tourn"]
[EventRounds "11"]
[EventCountry "DEN"]
[EventCategory "5"]
[Source "ChessBase"]
[SourceDate "1996.11.15"]

1. d4 d6 2. e4 Nf6 3. Bd3 e5 4. c3 Nc6 5. d5 Ne7 6. Ne2 g6 7. c4 Bg7 8. Nbc3
O-O 9. f3 Ne8 10. g4 f5 11. gxf5 gxf5 12. Bg5 f4 13. Qd2 Bf6 14. Bxf6 Nxf6 15.
O-O-O Kh8 16. Rdg1 Bd7 17. Nd1 Qe8 18. Nec3 Qh5 19. Qf2 b6 20. b4 c5 21. bxc5
bxc5 22. Nb5 Ne8 23. h4 a6 24. Nbc3 Nf6 25. Rg5 Qf7 26. Qb2 Rfb8 27. Qa3 h6 28.
Rgg1 Nh5 29. Qa5 Qf6 30. Qc7 Be8 31. Nf2 Rc8 32. Qb6 Rcb8 33. Qc7 Rc8 34. Qb6
Rd8 35. Ng4 Qf8 36. Rg2 Ng3 37. Rhh2 Bh5 38. Rf2 Ng8 39. Rhg2 Bxg4 40. fxg4 f3
41. Rg1 0-1

[Event "DEN-ch"]
[Site "Denmark"]
[Date "1986.??.??"]
[Round "11"]
[White "Fries Nielsen, Jens Ove"]
[Black "Ochsner, Thomas"]
[Result "1/2-1/2"]
[WhiteElo "2385"]
[BlackElo "2275"]
[PlyCount "20"]
[EventDate "1986.??.??"]
[EventType "tourn"]
[EventRounds "11"]
[EventCountry "DEN"]
[EventCategory "5"]
[Source "ChessBase"]
[SourceDate "1996.11.15"]

1. e4 c5 2. c3 d6 3. d4 Nf6 4. Bd3 cxd4 5. cxd4 g6 6. Nc3 Bg7 7. Nge2 O-O 8.
O-O Nc6 9. f3 Bd7 10. Be3 a6 1/2-1/2

[Event "DEN-ch"]
[Site "Denmark"]
[Date "1986.??.??"]
[Round "10"]
[White "Fries Nielsen, Jens Ove"]
[Black "Schmidt, Kristen"]
[Result "1-0"]
[WhiteElo "2385"]
[BlackElo "2245"]
[PlyCount "81"]
[EventDate "1986.??.??"]
[EventType "tourn"]
[EventRounds "11"]
[EventCountry "DEN"]
[EventCategory "5"]
[Source "ChessBase"]
[SourceDate "1996.11.15"]

1. e4 c6 2. d4 d5 3. e5 Bf5 4. c4 dxc4 5. Bxc4 e6 6. Nc3 Ne7 7. h4 h5 8. Bg5
Nd7 9. Nge2 Qb6 10. Bd3 Bxd3 11. Qxd3 Nf5 12. O-O-O f6 13. exf6 gxf6 14. Nf4
Qxd4 15. Qc2 Qc4 16. b3 Qb4 17. Nxe6 fxg5 18. Rhe1 Be7 19. Kb1 Rf8 20. hxg5 Qa5
21. Nxf8 Nxf8 22. Nd5 Rd8 23. Re5 Rxd5 24. Rdxd5 cxd5 25. Qxf5 Qa6 26. Rxd5
Qf1+ 27. Kc2 Qxg2 28. Qd7+ Kf7 29. Qf5+ Ke8 30. Qc8+ Kf7 31. Qc4 Ke8 32. Rf5
Qc6 33. Qxc6+ bxc6 34. g6 Nxg6 35. Rxh5 Kd7 36. Ra5 Ke6 37. Rxa7 Bc5 38. Rc7
Ne7 39. f3 Kd5 40. a4 Nf5 41. Kd3 1-0

[Event "DEN-ch"]
[Site "Denmark"]
[Date "1986.??.??"]
[Round "8"]
[White "Fries Nielsen, Jens Ove"]
[Black "Nielsen, NJ."]
[Result "1-0"]
[WhiteElo "2385"]
[BlackElo "2245"]
[PlyCount "89"]
[EventDate "1986.??.??"]
[EventType "tourn"]
[EventRounds "11"]
[EventCountry "DEN"]
[EventCategory "5"]
[Source "ChessBase"]
[SourceDate "1996.11.15"]

1. Nf3 e6 2. c4 Nf6 3. Nc3 d5 4. d4 c6 5. Bg5 Nbd7 6. cxd5 exd5 7. e3 Be7 8.
Qc2 O-O 9. Bd3 Re8 10. O-O Nf8 11. a3 Ng6 12. Ne5 Ng4 13. Bxe7 Qxe7 14. Nxg4
Bxg4 15. Rae1 Nf8 16. f4 Bd7 17. f5 Qd6 18. Qf2 f6 19. e4 dxe4 20. Bc4+ Kh8 21.
Nxe4 Qc7 22. Qh4 Re7 23. Nxf6 Rxe1 24. Qxe1 Qd6 25. Nxd7 Nxd7 26. Qe3 Rd8 27.
Qf4 Nf6 28. Qxd6 Rxd6 29. Rf4 g5 30. fxg6 hxg6 31. h4 Kg7 32. g4 g5 33. hxg5
Nd5 34. Bxd5 Rxd5 35. Kf2 Rb5 36. b4 Rxg5 37. Kf3 Kg6 38. Rf8 Rd5 39. Ke4 Rd7
40. Rf5 b6 41. b5 cxb5 42. Rxb5 Rc7 43. a4 Rc3 44. a5 bxa5 45. Rxa5 1-0

[Event "DEN-ch"]
[Site "Denmark"]
[Date "1986.??.??"]
[Round "6"]
[White "Hansen, Curt"]
[Black "Schmidt, Kristen"]
[Result "1-0"]
[WhiteElo "2510"]
[BlackElo "2245"]
[PlyCount "49"]
[EventDate "1986.??.??"]
[EventType "tourn"]
[EventRounds "11"]
[EventCountry "DEN"]
[EventCategory "5"]
[Source "ChessBase"]
[SourceDate "1996.11.15"]

1. d4 g6 2. c4 Bg7 3. Nf3 d6 4. g3 Nd7 5. Nc3 e5 6. Bg2 Ngf6 7. O-O O-O 8. e4
Re8 9. h3 c6 10. Re1 Qb6 11. Na4 Qa6 12. b3 b5 13. Nb2 exd4 14. Nxd4 Bb7 15.
Bf4 bxc4 16. Nxc4 c5 17. Nb5 Rxe4 18. Nc7 Qc6 19. Rxe4 Nxe4 20. Nxa8 Bxa1 21.
Nxd6 f5 22. Qxa1 Bxa8 23. Bxe4 fxe4 24. Bh6 e3 25. Qg7# 1-0

[Event "DEN-ch"]
[Site "Denmark"]
[Date "1986.??.??"]
[Round "4"]
[White "Hansen, Curt"]
[Black "Nielsen, NJ."]
[Result "1-0"]
[WhiteElo "2510"]
[BlackElo "2245"]
[PlyCount "81"]
[EventDate "1986.??.??"]
[EventType "tourn"]
[EventRounds "11"]
[EventCountry "DEN"]
[EventCategory "5"]
[Source "ChessBase"]
[SourceDate "1996.11.15"]

1. d4 c5 2. d5 Nf6 3. c4 b5 4. cxb5 a6 5. e3 axb5 6. Bxb5 Ba6 7. Bxa6 Qa5+ 8.
Nc3 Qxa6 9. e4 d6 10. f4 g6 11. e5 Nfd7 12. e6 fxe6 13. dxe6 Nf6 14. Nge2 Bg7
15. O-O Nc6 16. f5 gxf5 17. Ng3 Nd4 18. Nxf5 Nxf5 19. Rxf5 O-O 20. h3 Rab8 21.
Rb1 h6 22. Bd2 d5 23. Nxd5 Nxd5 24. Rxd5 Qxe6 25. Qh5 Rbd8 26. Rxd8 Rxd8 27.
Re1 Qd5 28. Qxd5+ Rxd5 29. Bc3 Bxc3 30. bxc3 Kf7 31. a4 Rd3 32. a5 Rxc3 33. Ra1
Rb3 34. a6 Rb8 35. Kf2 Ke6 36. a7 Ra8 37. Ke3 Kf5 38. Kd3 Kf4 39. Kc4 Kg3 40.
Ra2 e5 41. Kxc5 1-0

[Event "DEN-ch"]
[Site "Denmark"]
[Date "1986.??.??"]
[Round "11"]
[White "Hansen, Curt"]
[Black "Sorensen, Torben N"]
[Result "1-0"]
[WhiteElo "2510"]
[BlackElo "2275"]
[PlyCount "53"]
[EventDate "1986.??.??"]
[EventType "tourn"]
[EventRounds "11"]
[EventCountry "DEN"]
[EventCategory "5"]
[Source "ChessBase"]
[SourceDate "1996.11.15"]

1. Nf3 c5 2. g3 Nc6 3. Bg2 Nf6 4. O-O d5 5. d4 e6 6. c4 dxc4 7. Ne5 Bd7 8. Na3
Rc8 9. Naxc4 b5 10. Nxd7 Qxd7 11. Ne5 Nxe5 12. dxe5 Qxd1 13. Rxd1 Nd7 14. Bb7
Rc7 15. Ba6 b4 16. Bb5 a6 17. Bxa6 Nxe5 18. a3 bxa3 19. Rxa3 f6 20. Bb5+ Kf7
21. f4 Nc6 22. Ra8 Nd4 23. Bc4 g6 24. e3 Nc6 25. b3 h5 26. Bb5 Rh7 27. Bxc6 1-0

[Event "DEN-ch"]
[Site "Denmark"]
[Date "1986.??.??"]
[Round "9"]
[White "Hansen, Curt"]
[Black "Schandorff, Lars"]
[Result "1/2-1/2"]
[WhiteElo "2510"]
[BlackElo "2335"]
[PlyCount "58"]
[EventDate "1986.??.??"]
[EventType "tourn"]
[EventRounds "11"]
[EventCountry "DEN"]
[EventCategory "5"]
[Source "ChessBase"]
[SourceDate "1996.11.15"]

1. d4 Nf6 2. Nf3 d5 3. c4 e6 4. Nc3 Be7 5. Bg5 O-O 6. e3 h6 7. Bh4 b6 8. cxd5
Nxd5 9. Bxe7 Qxe7 10. Nxd5 exd5 11. Rc1 Be6 12. Qa4 c5 13. Qa3 Rc8 14. Be2 a5
15. O-O Qa7 16. dxc5 bxc5 17. Rc3 Nd7 18. Rfc1 Rcb8 19. Ne1 a4 20. Nd3 c4 21.
Nf4 Qc5 22. e4 Qxa3 23. Rxa3 Rxb2 24. Bf1 Nb6 25. exd5 Bxd5 26. Nxd5 Nxd5 27.
Rxc4 Nb4 28. Rf3 Nxa2 29. Rc7 Rf8 1/2-1/2

[Event "DEN-ch"]
[Site "Denmark"]
[Date "1986.??.??"]
[Round "10"]
[White "Hoi, Carsten"]
[Black "Hansen, Curt"]
[Result "1/2-1/2"]
[WhiteElo "2405"]
[BlackElo "2510"]
[PlyCount "81"]
[EventDate "1986.??.??"]
[EventType "tourn"]
[EventRounds "11"]
[EventCountry "DEN"]
[EventCategory "5"]
[Source "ChessBase"]
[SourceDate "1996.11.15"]

1. d4 d5 2. Nc3 Nf6 3. Bg5 Nbd7 4. Nf3 g6 5. e3 Bg7 6. Bd3 c6 7. O-O O-O 8. Re1
Qb6 9. Rb1 Re8 10. e4 dxe4 11. Nxe4 Nxe4 12. Rxe4 Nf6 13. Rh4 Bg4 14. Bc4 Qa5
15. Bxf6 Bxf3 16. Qxf3 Bxf6 17. Re4 Rad8 18. c3 c5 19. dxc5 Qxc5 20. Rbe1 Rd2
21. R4e2 Rd7 22. Bb3 Red8 23. Qe3 Qa5 24. g3 Kg7 25. Kg2 b6 26. Qe4 Qc5 27. h4
a5 28. Qc4 Qxc4 29. Bxc4 e6 30. Bb5 Rd5 31. a4 h5 32. Re4 Rd2 33. R1e2 Kf8 34.
Rxd2 Rxd2 35. Re2 Rd1 36. Kf3 Ke7 37. Ke3 Bg7 38. Rd2 Bh6+ 39. f4 Rxd2 40. Kxd2
e5 41. Ke3 1/2-1/2

[Event "DEN-ch"]
[Site "Denmark"]
[Date "1986.??.??"]
[Round "1"]
[White "Hoi, Carsten"]
[Black "Kristiansen, Jens"]
[Result "1/2-1/2"]
[WhiteElo "2405"]
[BlackElo "2395"]
[PlyCount "35"]
[EventDate "1986.??.??"]
[EventType "tourn"]
[EventRounds "11"]
[EventCountry "DEN"]
[EventCategory "5"]
[Source "ChessBase"]
[SourceDate "1996.11.15"]

1. d4 Nf6 2. c4 e6 3. Nc3 Bb4 4. Bg5 c5 5. d5 Bxc3+ 6. bxc3 d6 7. e3 e5 8. f3
Nbd7 9. Qc2 Nf8 10. Bd3 Ng6 11. Ne2 h6 12. Bxf6 Qxf6 13. O-O Bd7 14. f4 O-O-O
15. f5 Nf8 16. Ng3 Nh7 17. Rab1 Kb8 18. Rb2 1/2-1/2

[Event "DEN-ch"]
[Site "Denmark"]
[Date "1986.??.??"]
[Round "8"]
[White "Hoi, Carsten"]
[Black "Schmidt, Kristen"]
[Result "1-0"]
[WhiteElo "2405"]
[BlackElo "2245"]
[PlyCount "39"]
[EventDate "1986.??.??"]
[EventType "tourn"]
[EventRounds "11"]
[EventCountry "DEN"]
[EventCategory "5"]
[Source "ChessBase"]
[SourceDate "1996.11.15"]

1. d4 Nf6 2. c4 g6 3. Nc3 Bg7 4. e4 d6 5. f3 O-O 6. Be3 e5 7. Nge2 c6 8. Qd2
exd4 9. Nxd4 Re8 10. O-O-O d5 11. cxd5 cxd5 12. Nc2 Qa5 13. exd5 Na6 14. Bd4
Bf5 15. Bd3 Bxd3 16. Qxd3 Rac8 17. Kb1 Nxd5 18. Bxg7 Nab4 19. Nxb4 Nxb4 20. Qb5
1-0

[Event "DEN-ch"]
[Site "Denmark"]
[Date "1986.??.??"]
[Round "4"]
[White "Hoi, Carsten"]
[Black "Sloth, Jorn"]
[Result "1-0"]
[WhiteElo "2405"]
[BlackElo "2385"]
[PlyCount "111"]
[EventDate "1986.??.??"]
[EventType "tourn"]
[EventRounds "11"]
[EventCountry "DEN"]
[EventCategory "5"]
[Source "ChessBase"]
[SourceDate "1996.11.15"]

1. d4 e6 2. Nf3 Nf6 3. Bg5 h6 4. Bxf6 Qxf6 5. e4 d6 6. Nc3 Nd7 7. Bd3 Qd8 8.
Qd2 g6 9. O-O-O Bg7 10. d5 e5 11. Kb1 O-O 12. g4 Nc5 13. Rhg1 Bd7 14. Qe3 Qc8
15. h3 a6 16. Rg2 b5 17. Rdg1 Re8 18. Ne2 c6 19. dxc6 Qxc6 20. Nh4 d5 21. Ng3
dxe4 22. Nxe4 Nxd3 23. cxd3 Rac8 24. Nf5 Bxf5 25. gxf5 Red8 26. Qe2 Qd7 27. f6
Bf8 28. Rg3 Qf5 29. h4 Kh7 30. h5 Qxh5 31. Qxh5 gxh5 32. Rh1 Rc6 33. Rxh5 b4
34. Rxe5 Rdc8 35. Rg1 Kh8 36. Rd5 Bc5 37. Rd7 Bf8 38. Rxf7 a5 39. Ra7 h5 40.
Rxa5 Bh6 41. b3 Rc1+ 42. Rxc1 Rxc1+ 43. Kb2 Rh1 44. Ng3 Rh2 45. Rxh5 Rxf2+ 46.
Kb1 Kh7 47. Nf5 Kg6 48. Rxh6+ Kxf5 49. f7 Ke5 50. Rh4 Rf1+ 51. Kc2 Rf2+ 52. Kd1
Rxf7 53. Rxb4 Rf2 54. a4 Ra2 55. Kc1 Kd5 56. Rc4 1-0

[Event "DEN-ch"]
[Site "Denmark"]
[Date "1986.??.??"]
[Round "10"]
[White "Kristiansen, Jens"]
[Black "Schandorff, Lars"]
[Result "1/2-1/2"]
[WhiteElo "2395"]
[BlackElo "2335"]
[PlyCount "110"]
[EventDate "1986.??.??"]
[EventType "tourn"]
[EventRounds "11"]
[EventCountry "DEN"]
[EventCategory "5"]
[Source "ChessBase"]
[SourceDate "1996.11.15"]

1. Nf3 Nf6 2. g3 d5 3. Bg2 c6 4. O-O Bg4 5. b3 Nbd7 6. Bb2 e6 7. d3 Be7 8. Nbd2
O-O 9. e4 dxe4 10. dxe4 e5 11. h3 Bxf3 12. Qxf3 b5 13. Qe2 a5 14. a3 Re8 15.
Nf3 Bc5 16. Nh4 Qc7 17. Nf5 Bf8 18. Rad1 g6 19. Ne3 Nc5 20. Ng4 Nxg4 21. Qxg4
Rad8 22. h4 Bg7 23. h5 Rxd1 24. Rxd1 Rd8 25. Bc3 Ne6 26. Bh3 Nd4 27. Bxd4 exd4
28. hxg6 hxg6 29. f4 Qb6 30. Kh2 Qc5 31. Rd2 Qxa3 32. Qg5 Re8 33. e5 Qb4 34.
Re2 Qe7 35. Qxe7 Rxe7 36. Bg2 Rc7 37. Re1 Bf8 38. e6 Bb4 39. exf7+ Kxf7 40. Re5
a4 41. bxa4 bxa4 42. Bf1 a3 43. Bc4+ Kg7 44. Re6 Bc3 45. Kh3 Ra7 46. Ba2 Rb7
47. Rxc6 Rb2 48. Rc7+ Kf8 49. Rf7+ Ke8 50. Bd5 Rxc2 51. Ra7 Bb4 52. Bf7+ Kf8
53. Bxg6 Rc5 54. Rf7+ Kg8 55. Rd7 Ra5 1/2-1/2

[Event "DEN-ch"]
[Site "Denmark"]
[Date "1986.??.??"]
[Round "2"]
[White "Kristiansen, Jens"]
[Black "Mortensen, Erling"]
[Result "1-0"]
[WhiteElo "2395"]
[BlackElo "2420"]
[PlyCount "71"]
[EventDate "1986.??.??"]
[EventType "tourn"]
[EventRounds "11"]
[EventCountry "DEN"]
[EventCategory "5"]
[Source "ChessBase"]
[SourceDate "1996.11.15"]

1. g3 g6 2. Bg2 Bg7 3. c4 d6 4. Nc3 e5 5. Nf3 Nc6 6. O-O Be6 7. d3 h6 8. Rb1
Qd7 9. b4 Nge7 10. b5 Nd8 11. Re1 O-O 12. Nd2 g5 13. a4 f5 14. Ba3 f4 15. Nde4
Bh3 16. Bh1 Nf5 17. c5 Ne6 18. cxd6 cxd6 19. Nd5 Rac8 20. Rc1 Rxc1 21. Qxc1 Kh8
22. Qd2 h5 23. e3 Bh6 24. Qe2 g4 25. exf4 Ned4 26. Qd1 exf4 27. Nxf4 Bxf4 28.
gxf4 Qg7 29. Ng5 Nh4 30. Bb2 Ndf3+ 31. Bxf3 Qxb2 32. Bxb7 Qg7 33. Qa1 Qxa1 34.
Rxa1 Rxf4 35. Nxh3 gxh3 36. a5 1-0

[Event "DEN-ch"]
[Site "Denmark"]
[Date "1986.??.??"]
[Round "6"]
[White "Kristiansen, Jens"]
[Black "Ochsner, Thomas"]
[Result "1-0"]
[WhiteElo "2395"]
[BlackElo "2275"]
[PlyCount "63"]
[EventDate "1986.??.??"]
[EventType "tourn"]
[EventRounds "11"]
[EventCountry "DEN"]
[EventCategory "5"]
[Source "ChessBase"]
[SourceDate "1996.11.15"]

1. g3 Nf6 2. Bg2 d5 3. Nf3 e6 4. O-O c5 5. c4 Be7 6. b3 O-O 7. Bb2 Nc6 8. e3
Qc7 9. Qe2 Bd7 10. Nc3 dxc4 11. bxc4 a6 12. Ng5 Rab8 13. Rab1 Na7 14. f4 b5 15.
cxb5 axb5 16. Nce4 Qd8 17. Nxf6+ Bxf6 18. Bxf6 gxf6 19. Ne4 c4 20. Qg4+ Kh8 21.
Qh4 Kg7 22. Qg4+ Kh8 23. Qh5 Kg7 24. g4 f5 25. gxf5 exf5 26. Ng3 Rb6 27. Nxf5+
Bxf5 28. Qxf5 Qxd2 29. Qe5+ Kg8 30. Rbd1 Qb4 31. f5 f6 32. Qc7 1-0

[Event "DEN-ch"]
[Site "Denmark"]
[Date "1986.??.??"]
[Round "4"]
[White "Kristiansen, Jens"]
[Black "Schmidt, Kristen"]
[Result "1-0"]
[WhiteElo "2395"]
[BlackElo "2245"]
[PlyCount "81"]
[EventDate "1986.??.??"]
[EventType "tourn"]
[EventRounds "11"]
[EventCountry "DEN"]
[EventCategory "5"]
[Source "ChessBase"]
[SourceDate "1996.11.15"]

1. c4 e5 2. Nc3 Nc6 3. g3 g6 4. Bg2 Bg7 5. Rb1 a5 6. d3 Nf6 7. e3 d6 8. Nge2
Be6 9. Nd5 O-O 10. O-O Qc8 11. Re1 Bh3 12. Bh1 Ne8 13. b3 f5 14. Bb2 g5 15. f4
Qd8 16. Qd2 h5 17. Kf2 h4 18. Ng1 Bg4 19. Nf3 Bxf3 20. Bxf3 Nf6 21. Kg2 Nxd5
22. Bxd5+ Kh7 23. e4 gxf4 24. gxf4 Ne7 25. Bxb7 Rb8 26. Bd5 Qd7 27. Qe2 Bh6 28.
fxe5 c6 29. e6 Qb7 30. Kh1 cxd5 31. exd5 Rg8 32. Qf3 Rg4 33. Rg1 Rbg8 34. Rxg4
Rxg4 35. Bf6 Rf4 36. Qh3 Nxd5 37. Qg2 Rf2 38. Qxd5 Qb8 39. Rg1 Bf4 40. Qxf5+
Kh6 41. Qg6# 1-0

[Event "DEN-ch"]
[Site "Denmark"]
[Date "1986.??.??"]
[Round "3"]
[White "Mortensen, Erling"]
[Black "Schmidt, Kristen"]
[Result "1-0"]
[WhiteElo "2420"]
[BlackElo "2245"]
[PlyCount "57"]
[EventDate "1986.??.??"]
[EventType "tourn"]
[EventRounds "11"]
[EventCountry "DEN"]
[EventCategory "5"]
[Source "ChessBase"]
[SourceDate "1996.11.15"]

1. e4 c6 2. d4 d5 3. exd5 cxd5 4. c4 Nf6 5. Nc3 e6 6. Nf3 Bb4 7. cxd5 Nxd5 8.
Qc2 Nc6 9. Bd3 Nf6 10. O-O O-O 11. Rd1 Be7 12. a3 g6 13. Bc4 Nd5 14. Bh6 Re8
15. Rac1 Nxc3 16. Qxc3 Bf6 17. Qe3 Ne7 18. Bg5 Nf5 19. Qf4 Bxg5 20. Nxg5 Qd6
21. Qe5 Rd8 22. Ne4 Qxe5 23. dxe5 Rd4 24. Nf6+ Kg7 25. Bd3 Rd8 26. Bxf5 Rxd1+
27. Rxd1 gxf5 28. Rd8 b6 29. Ne8+ 1-0